Central Library OPAC University of Rajshahi

টেন লিটল ইন্ডিয়ানস / (Record no. 39262)

MARC details
000 -LEADER
fixed length control field 00967nam a2200241 4500
001 - CONTROL NUMBER
control field 39262
003 - CONTROL NUMBER IDENTIFIER
rucl marc code BD-RjUL
005 - DATE AND TIME OF LATEST TRANSACTION
control field 20211209052944.0
008 - FIXED-LENGTH DATA ELEMENTS--GENERAL INFORMATION
fixed length control field 160406s2012 bg ||||e |||| 00| 0 ben d
020 ## - INTERNATIONAL STANDARD BOOK NUMBER
International Standard Book Number 9847000002037
Terms of availability : TK 250.00
035 ## - SYSTEM CONTROL NUMBER
System control number (BD-RjUL)
040 ## - CATALOGING SOURCE
Original cataloging agency BD-RjUL
Language of cataloging ben
Transcribing agency BD-RjUL
041 ## - LANGUAGE CODE
Language code of text/sound track or separate title ben
082 ## - DEWEY DECIMAL CLASSIFICATION NUMBER
Edition number 23
Classification number 823.912
Author mark and year CHT 2012
100 ## - MAIN ENTRY--PERSONAL NAME
Personal name ক্রিস্টি, আগাথা
9 (RLIN) 121067
245 10 - TITLE STATEMENT
Title টেন লিটল ইন্ডিয়ানস /
Statement of responsibility, etc. আগাথা ক্রিস্টি; খুররম মমতাজ অনুবাদক
260 ## - PUBLICATION, DISTRIBUTION, ETC. (IMPRINT)
Place of publication, distribution, etc. ঢাকা :
Name of publisher, distributor, etc. জাতীয় সাহিত্য প্রকাশ,
Date of publication, distribution, etc. ২০১২
300 ## - PHYSICAL DESCRIPTION
Pagination [৬], ১৫২ পৃ.;
Size ২১ সেমি.
650 ## - SUBJECT ADDED ENTRY--TOPICAL TERM
Topical term or geographic name as entry element উপন্যাস
9 (RLIN) 121068
Geographic subdivision ডিভন(ইংল্যান্ড)
Topical term or geographic name as entry element Fiction
9 (RLIN) 121069
Geographic subdivision Devon(england)
700 ## - ADDED ENTRY--PERSONAL NAME
Personal name মমতাজ, খুররম
942 ## - ADDED ENTRY ELEMENTS (KOHA)
Source of classification or shelving scheme Dewey Decimal Classification
Koha item type Books
Holdings
Lost status Source of classification or shelving scheme Damaged status Not for loan Collection code Permanent Location Current Location Shelving location Date acquired Source of acquisition Cost, normal purchase price Total Checkouts Full call number Date last seen Copy number Koha item type
  Dewey Decimal Classification   Not For Loan Non-fiction Central Library, University of Rajshahi Central Library, University of Rajshahi Reading Room 29/07/2013 Dhaka, Jatiyo Sahitto Prokash 250.00   B 823.912 CHT 2012 06/04/2016 C-1 Books
  Dewey Decimal Classification     Non-fiction Central Library, University of Rajshahi Central Library, University of Rajshahi   29/07/2013 Dhaka, Jatiyo Sahitya Prokash 250.00   B 823.912 CHT 2012 06/04/2016 C-2 Books
  Dewey Decimal Classification     Non-fiction Central Library, University of Rajshahi Central Library, University of Rajshahi   29/07/2013 Dhaka, Jatiya Sahitya Prokash 250.00   B 823.912 CHT 2012 06/04/2016 C-3 Books
  Dewey Decimal Classification     Non-fiction Central Library, University of Rajshahi Central Library, University of Rajshahi General Stacks 26/01/2022 Jatiya Sahitya Prakash, Dhaka 175.00   B 823.912 CHT 2012 22/02/2022 C-4 Books
  Dewey Decimal Classification     Non-fiction Central Library, University of Rajshahi Central Library, University of Rajshahi General Stacks 26/01/2022 Jatiya Sahitya Prakash, Dhaka 175.00   B 823.912 CHT 2012 22/02/2022 C-5 Books